000 00446nam a22001217a 4500
008 231013b |||||||| |||| 00| 0 eng d
100 _aOMAGWA KEMUMA EMMA
245 _aINFLUENCE OF PRACTICAL APPROACHES OF TEACHING AGRICULTURE ON ACADEMIC PERFORMANCE IN HIGH SCHOOLS IN KISII COUNTY,KENYA
300 _aXV1,94P
500 _aINCLUDES BIBLIOGRAPHY AND INDEXES
650 _aAGRICULTURE-STUDY AND TEACHING (SECONDARY)-KENYA
942 _2lcc
_cREF
999 _c207694
_d207694